The history of English. Volume 1, Historical outlines from sound to text /

Saved in:
Bibliographic Details
Other Authors Brinton, Laurel J., 1953- (Editor), Bergs, Alexander, 1974- (Editor)
Format Book
LanguageEnglish
Published Berlin ; Boston : De Gruyter Mouton, [2017]
SeriesMouton Reader
Subjects
ISBN978-3-11-052238-9
Physical Descriptionix, 255 stran ; 23 cm

Cover

LEADER 00000nam a2200000 i 4500
001 115762
003 CZ ZlUTB
005 20260605103051.0
007 ta
008 260605t20172017gw f 001 0 eng d
020 |a 978-3-11-052238-9  |q (brožováno) 
040 |a ZLD002  |b cze  |e rda 
044 |a gw  |a xxu 
072 7 |a 811.111  |x Angličtina  |2 Konspekt  |9 11 
080 |a 811.111  |2 MRF 
080 |a 81’0  |2 MRF 
080 |a (048.8:082)  |2 MRF 
245 0 4 |a The history of English.  |n Volume 1,  |p Historical outlines from sound to text /  |c edited by Laurel J. Brinton and Alexander Bergs 
246 3 0 |a Historical outlines from sound to text 
264 1 |a Berlin ;  |a Boston :  |b De Gruyter Mouton,  |c [2017] 
264 4 |c ©2017 
300 |a ix, 255 stran ;  |c 23 cm 
336 |a text  |b txt  |2 rdacontent 
337 |a bez média  |b n  |2 rdamedia 
338 |a svazek  |b nc  |2 rdacarrier 
490 1 |a Mouton Reader 
504 |a Obsahuje bibliografické odkazy a rejstřík 
650 0 7 |a angličtina  |7 ph114056  |2 czenas 
650 0 7 |a vývoj jazyka  |7 ph187610  |2 czenas 
650 0 9 |a English language  |2 eczenas 
650 0 9 |a history of language  |2 eczenas 
655 7 |a kolektivní monografie  |7 fd501537  |2 czenas 
655 9 |a collective monographs  |2 eczenas 
700 1 |a Brinton, Laurel J.,  |d 1953-  |7 xx0112772  |4 edt 
700 1 |a Bergs, Alexander,  |d 1974-  |7 jo2013799812  |4 edt 
830 0 |a Mouton Reader 
910 |a ZLD002 
942 |2 udc 
952 |0 0  |1 0  |4 0  |5 0  |6 8020HISTORY  |7 -1  |8 BOOK  |9 191461  |a UTBZL  |b UTBZL  |c 005  |d 2026-06-05  |l 0  |o 802.0/HISTORY  |p 420010202256  |r 2026-06-05 10:31:25  |v 836.00  |w 2026-06-05  |x N:nákup  |y 01 
992 |a BK  |b SKNEW 
999 |c 115762  |d 115762